000 00418nam a22001697a 4500
005 20180321120754.0
008 160519b xxu||||| |||| 00| 0 eng d
020 _a978-81-259-2347-3
041 _aeng
082 _b3183
_a338.5024658
100 _aDwivedi/D.N.
_9314
245 _aManagerial Economics
260 _aNew Delhi
_bVikash Publishing,
_c2009
300 _a694
650 _aManagement
_9241
942 _cBK
999 _c1095
_d1095